000 00857nam a2200277 i 4500
001 19400
003 ES-MaACL
005 20230906152104.0
007 t|
008 020806s2001 sp ||||1| spa d
020 _a84-8307-422-2
080 _a913(581)
100 1 _aElliot, Jason.
_947037
245 1 4 _aUna luz inesperada
_b: viajes por Afganistán /
_cJason Elliot ; traducción de Carme Camps e Inma Gutiérrez.
250 _a1ª ed.
260 _aBarcelona :
_bPenínsula,
_c2001.
300 _a526 p. :
_bmapa ;
_c23 cm.
490 1 _aAltaïr viajes ;
_v38
651 4 _aAfganistán-
_xDescripción.
_97590
700 1 _aCamps, Carmen.
_934310
700 1 _aGutiérrez, Inma.
_961057
740 0 _aViajes por Afganistán.
830 0 _aAltaïr viajes ;
_v38
_9180603
852 _aES-MaACL
_jL-25826
_bR.131536
999 _c19400
_d19400